书目信息 |
| 题名: |
社会主义发展道路论
|
|
| 作者: | 许征帆 , 李润海 主编 | |
| 分册: | ||
| 出版信息: | 济南 山东人民出版社 1999.08 |
|
| 页数: | 434页 | |
| 开本: | 32开 | |
| 丛书名: | ||
| 单 册: | ||
| 中图分类: | D033.4 | |
| 科图分类: | ||
| 主题词: | 国家理论 | |
| 电子资源: | ||
| ISBN: | 7-209-02443-3 | |
| 000 | 00608nam0 2200205 45 | |
| 001 | 0012051083 | |
| 005 | 20001205102507.7 | |
| 010 | @a7-209-02443-3@d19.80元 | |
| 100 | @a20001205d1999 km y0chiy0120 ea | |
| 101 | 0 | @achi |
| 105 | @a z 000yy | |
| 200 | 1 | @a社会主义发展道路论@AShe Hui Zhu Yi Fa Zhan Dao Lu Lun@f许征帆,李润海主编@FXu Zheng Fan,Li Run Hai Zhu Bian |
| 210 | @a济南@c山东人民出版社@d1999.08 | |
| 215 | @a434页@d32开 | |
| 606 | 0 | @a国家理论 |
| 690 | @aD033.4@v3 | |
| 701 | 0 | @a许征帆@4主编 |
| 701 | 0 | @a李润海@4主编 |
| 801 | @aCN@bPftUser@c20001205 | |
| 905 | @b513663-664@dD033.4@eX259@f2 | |
| 社会主义发展道路论/许征帆,李润海主编.-济南:山东人民出版社,1999.08 |
| 434页;32开 |
| ISBN 7-209-02443-3:19.80元 |
| ● |
| 相关链接 |
|
|
|
正题名:社会主义发展道路论
索取号:D033.4/X259
 
预约/预借
| 序号 | 登录号 | 条形码 | 馆藏地/架位号 | 状态 | 备注 |
| 1 | 513663 | 205136636 | 社科库509/509社科库 67排6列6层/ [索取号:D033.4/X259] | 在馆 | |
| 2 | 513664 | 205136645 | 社科库509/509社科库 67排6列6层/ [索取号:D033.4/X259] | 在馆 |